LEADER 00824nam0-22002891i-450- 001 990007133470403321 005 20081209144825.0 035 $a000713347 035 $aFED01000713347 035 $a(Aleph)000713347FED01 035 $a000713347 100 $a20021021d1995----km-y0itay50------ba 101 0 $aita 102 $aIT 105 $ay---n---001yy 200 1 $aDiritto e politica$elo stentato affermarsi dello stato borghese in Germania visto con gli occhi dei giuristi$fCarlo Roehrssen 210 $aTorino$cGiappichelli$d1995 215 $a205 p.$d21 cm 676 $a342 700 1$aRoehrssen,$bCarlo$0231126 801 0$aIT$bUNINA$gRICA$2UNIMARC 901 $aBK 912 $a990007133470403321 952 $aXIV C 9$b881$fDDCIC 959 $aDDCIC 996 $aDiritto e politica$9703463 997 $aUNINA